| 000 | 00573nam a22001937a 4500 | ||
|---|---|---|---|
| 999 |
_c7357 _d7357 |
||
| 001 | 5001 | ||
| 003 | BD-DhUAP | ||
| 005 | 20210119155130.0 | ||
| 008 | 210119s1992 enk||||| |||| 00| 0 eng d | ||
| 040 |
_aBD-DhUAP _bEng _cBD-DhUAP _dBD-DhUAP |
||
| 082 |
_223 _a428.24 BOW |
||
| 100 | _aBowler, Bill. | ||
| 245 |
_aHeadway : _bPre-intermediate : pronunciation / _cBill Bowler and Sue Parminter. |
||
| 260 |
_aOxford : _bOxford University Press, _c1992. |
||
| 300 |
_a57 pages ; _c28 cm. |
||
| 650 |
_aEnglish language _vGrammar. |
||
| 700 | _aParminter, Sue. | ||
| 942 |
_2ddc _cBK |
||